Mystical Magical - Benson Boone (all lyrics) - Statistics

General Stats
  • This quiz has been taken 228 times
    227 since last reset
  • The average score is 234 of 295
Answer Stats
Answer % Correct
I
98%
you
97%
my
96%
My
96%
Mystical
96%
mystical
96%
magical
95%
a
94%
it
94%
the
94%
cream
92%
ice
92%
Of
92%
your
92%
so
91%
blue
90%
jeans
90%
know
90%
Moonbeam
90%
love
89%
movies
89%
Oh
89%
taking
89%
baby
88%
Dancing
88%
at
87%
feel
87%
like
87%
no
87%
cause
86%
'Cause
86%
off
86%
Once
85%
once
85%
is
83%
Not
83%
feels
82%
When
82%
nothing
81%
Nothing
81%
then
81%
gonna
79%
me
79%
what
78%
will
78%
do
76%
right
75%
else
73%
And
72%
But
71%
love's
71%
shoulder
71%
to
71%
colder
69%
than
69%
There's
69%
you're
69%
how
68%
want
67%
can
66%
rude
64%
day
63%
if
63%
If
63%
anyways
62%
kinda
62%
around
61%
come
61%
dragging
61%
up
61%
with
61%
you'll
61%
back
60%
don't
59%
get
59%
it's
59%
company
58%
eventually
58%
sit
58%
take
58%
along
57%
give
57%
kiss
57%
little
57%
million
57%
relax
57%
switch
57%
this
57%
world
57%
mind
56%
days
55%
enjoy
55%
just
55%
Just
55%
warnin
55%
we
54%
hard
53%
wanna
52%
chase
50%
all
49%
out (Ha)
48%
wouldn't
48%
bit
47%
every
46%
gotta
46%
I'm
46%
push
46%
saying
45%
something
45%
work
45%
closer
41%
think
40%
trust
39%
getting
38%
gave
37%
cab
0%
No matching quizzes found
Score Distribution
Percent of People with Each Score
Percentile by Number Answered
Your Score History
You have not taken this quiz since the last reset